00964nam a2200277 a 4500001001300000003000900013005001700022008004100039020001000080082001500090100002000105245001900125260003600144300000900180500003500189505001000224650002200234700002000256902000800276942000700284952009500291952009500386952009500481952009500576999001500671nice12345678IN_TiNIC20260116011514.0050524s1899 beia grp 000 0 ara  ac10000a892.7bYOH aYohanna, Father aNakhbul Mullah aBeirutbAl-Shabiyat Pressc1899 a156p aincludes index and biblioraphy2 aIndex aArabic-Literature1 aYohanna, Father bSRS cBK 00104070aHMIbHMId0000-00-00g100.00l0o892.7 YOHp4356r0000-00-00w2026-01-16yARB 00104070aHMIbHMId0000-00-00g100.00l0o892.7 YOHp4371r0000-00-00w2026-01-16yARB 00104070aHMIbHMId0000-00-00g100.00l0o892.7 YOHp4372r0000-00-00w2026-01-16yARB 00104070aHMIbHMId0000-00-00g100.00l0o892.7 YOHp4373r0000-00-00w2026-01-16yARB c2136d2136